00614nam a22002177a 45000010005000000030006000050050017000110080041000280200018000690400029000870820008001161000024001242450054001482600036002023000049002385050008002875200031002955210021003265210020003476000029003672984FISKH20260309093715.0240129b cb ||||| |||| 00| 0 eng d a9780439693820 aFISKHbengcFISKHdFISKH a635 aAlexander, Francie  aHow does your salad grow?/cby Alexander, Francie aNew York :bScholastic , c2004 a16 pages : bcolor illustrations ;c26 cm .  aG  aA look at how plants grow.8 a340 bLexile 8 aG bRaz-Plus  2vegetables vnon-fiction